طنزو مزاح : (Record no. 106705)

MARC details
000 -LEADER
fixed length control field 00773nam a22002297a 4500
005 - DATE AND TIME OF LATEST TRANSACTION
control field 20170123162316.0
010 ## - LIBRARY OF CONGRESS CONTROL NUMBER
LC control number A-279771
020 ## - INTERNATIONAL STANDARD BOOK NUMBER
Terms of availability 50.00
035 ## - SYSTEM CONTROL NUMBER
System control number A-279771
037 ## - SOURCE OF ACQUISITION
Source of stock number/acquisition Cen Lib/Ret
040 ## - CATALOGING SOURCE
Original cataloging agency DPL
Language of cataloging UR
082 ## - DEWEY DECIMAL CLASSIFICATION NUMBER
Classification number 847
Item number ط ا ه
100 ## - MAIN ENTRY--PERSONAL NAME
Personal name طاہر تونسوی
9 (RLIN) 809
245 ## - TITLE STATEMENT
Title طنزو مزاح :
Statement of responsibility, etc طاہر تونسوی
Remainder of title تاریخ تنقید /
246 ## - VARYING FORM OF TITLE
Title proper/short title Tanzu mazah : tareekh v tanqeed /
Remainder of title by Tahir Tansavi
260 ## - PUBLICATION, DISTRIBUTION, ETC. (IMPRINT)
Place of publication, distribution, etc نیی دہلی
Name of publisher, distributor, etc ماہنامہ شان ا ہند
Date of publication, distribution, etc 1986
270 ## - ADDRESS
City نیی دہلی
Address انصاری مارکیٹ دریاگنج
Postal code 110002
300 ## - PHYSICAL DESCRIPTION
Extent 163p.
Dimensions 21cm(Hb)
650 ## - SUBJECT ADDED ENTRY--TOPICAL TERM
Topical term or geographic name as entry element اردو ادب
9 (RLIN) 114399
650 ## - SUBJECT ADDED ENTRY--TOPICAL TERM
Topical term or geographic name as entry element Urdu literature
9 (RLIN) 114400
942 ## - ADDED ENTRY ELEMENTS (KOHA)
Source of classification or shelving scheme Dewey Decimal Classification
Koha item type Urdu Bks
Classification part 847
Call number suffix ط ا ه
Holdings
Withdrawn status Lost status Damaged status Not for loan Home library Current library Date acquired Source of acquisition Cost, normal purchase price Total Checkouts Full call number Barcode Date last seen Date checked out Copy number Cost, replacement price Price effective from Koha item type
        Central Library Central Library 28/12/2015 Cen Lib/Ret 50.00 1 847 ط ا ه A-279771 26/03/2018 12/03/2018 1 50.00 28/12/2015 Urdu Bks

© Delhi Public Library
Hit Counter
free hit counter